Statistics for Ed Sheeran Quiz

Click here to take the quiz!

General Stats

  • This quiz has been taken 1,238 times
    (1,230 since last reset)
  • The average score is 6 of 10

Answer Stats

HintAnswer% Correct
How many albums did he release before finally breaking through?2
98%
What instrument does he play?Guitar
84%
How old is he?21
80%
Which UK boyband did he write a song for?One Direction
80%
What is the name of his debut single?The A Team
69%
What month is his birthday?February
64%
What is the name of his debut studio album?+
61%
What is the name of that song?Moments
28%
What popular TV program was one of his songs featured on?The Vampire Diaries
10%
What is his hometown?Halifax, West Yorkshire
9%

Score Distribution

Percentile by Number Answered

Percent of People with Each Score

Your Score History

You have not taken this quiz since the last reset